000 00789nam a2200241Ia 4500
005 20220317001120.0
008 160825s1999 ck a g 000 0 spa
020 _a9589489117
082 0 4 _a372.868
_bB65e
100 1 _aBonilla Estevez, Hector
245 1 0 _aExpresión corporal
_bla danza en la escuela
_cHector Bonilla Estevez
250 _a1a. edición
300 _a164 páginas
_bilustraciones
_c19 cm
504 _aIncluye bibliografía
650 1 4 _2LEMB
_aDanza
_xEnseñanza
650 1 4 _2LEMB
_aExpresión corporal
_xEnseñanza
942 _2ddc
_cBK
264 _aBogotá
_bFondo Educativo Panamericano
_c1999
336 _atexto
_btxt
_2rdacontent
337 _asin mediación
_bn
_2rdamedia
338 _avolumen
_bnc
_2rdacarrier
040 _aCO-BoRNBP
_bspa
_erda
_cCO-BoRNBP
999 _c5970
_d5970